| 000 | 00552cam a22001457a 4500 | ||
|---|---|---|---|
| 008 | 180718b1993 xxu||||| |||| 00| 0 eng d | ||
| 100 | _aSolimano, Andre's | ||
| 245 |
_aPrice formation, nominal anchors, and stabilization policies in hungary _cby Andre's Solimano and David E. Yuravlivker |
||
| 260 |
_aWashington, DC _bWorld Bank _c1993 |
||
| 300 | _a35p. | ||
| 440 | _aPolicy research working paper 1234 | ||
| 650 | _aEconomic stabilization --Hungary | ||
| 650 | _aInflation (Finance) --Hungary --Econometric models | ||
| 700 | _aYuravlivker, David E. | ||
| 999 |
_c327931 _d327931 |
||